Statistics for "Exercise High Caution" Countries for Canadian Citizens

Click here to take the quiz!

General Stats

  • This quiz has been taken 8 times
    (3 since last reset)
  • The average score is 75 of 94

Answer Stats

Answer% Correct
Angola
100%
Armenia
100%
Azerbaijan
100%
Bahrain
100%
Bangladesh
100%
Belize
100%
Brazil
100%
Cambodia
100%
Cape Verde
100%
Chile
100%
China
100%
Colombia
100%
Costa Rica
100%
Dominican Republic
100%
France
100%
Guinea
100%
Guinea-Bissau
100%
Guyana
100%
Honduras
100%
India
100%
Indonesia
100%
Jordan
100%
Kenya
100%
Kuwait
100%
Laos
100%
Lebanon
100%
Malaysia
100%
Nepal
100%
Nicaragua
100%
Peru
100%
Philippines
100%
Russia
100%
Rwanda
100%
South Africa
100%
Sri Lanka
100%
Tanzania
100%
Thailand
100%
Tunisia
100%
Turkey
100%
Ukraine
100%
United Arab Emirates
100%
United Kingdom
100%
Uzbekistan
100%
Vietnam
100%
Zimbabwe
100%
Algeria
67%
Bahamas
67%
Benin
67%
Bolivia
67%
Comoros
67%
East Timor
67%
Ecuador
67%
Egypt
67%
El Salvador
67%
Equatorial Guinea
67%
Gabon
67%
Ghana
67%
Guatemala
67%
Iran
67%
Israel, the West Bank and the Gaza Strip
67%
Jamaica
67%
Kazakhstan
67%
Kyrgyzstan
67%
Lesotho
67%
Liberia
67%
Madagascar
67%
Malawi
67%
Maldives
67%
Mexico
67%
Morocco
67%
Mozambique
67%
Myanmar
67%
Namibia
67%
Oman
67%
Papua New Guinea
67%
Paraguay
67%
Republic of the Congo
67%
Saudi Arabia
67%
Sierra Leone
67%
Sudan
67%
Tajikistan
67%
Togo
67%
Trinidad and Tobago
67%
Turkmenistan
67%
Uganda
67%
Belgium
33%
Bosnia and Herzegovina
33%
Cameroon
33%
Cote d'Ivoire
33%
Djibouti
33%
Ethiopia
33%
Gambia
33%
Netherlands
33%
Senegal
33%

Score Distribution

Percentile by Number Answered

Percent of People with Each Score

Your Score History

You have not taken this quiz since the last reset